[Event "Wch Blitz 9th"]
[Site "Berlin"]
[Date "2015.10.13"]
[Round "6"]
[White "Akopian, Vladimir Eduardovic"]
[Black "Radjabov, Teimour"]
[Result "0-1"]
[WhiteElo "2648"]
[BlackElo "2738"]
[PlyCount "98"]
[EventDate "2015.10.13"]
[EventType "swiss (blitz)"]
[EventRounds "21"]
[EventCountry "GER"]
[SourceTitle "CBM 168 Extra"]
[Source "ChessBase"]
[SourceDate "2015.10.29"]
[SourceVersion "1"]
[SourceVersionDate "2015.10.29"]
[SourceQuality "1"]

1. Nf3 Nf6 2. g3 g6 3. Bg2 Bg7 4. O-O O-O 5. c4 c6 6. d4 d5 7. Qb3 Qb6 8. Nc3
Rd8 9. h3 h6 10. c5 Qxb3 11. axb3 Na6 12. Bf4 Ne8 13. Rfd1 g5 14. Bc1 Bf5 15.
Ne1 e5 16. e3 Nec7 17. g4 Bh7 18. Ra3 Ne6 19. Nf3 exd4 20. exd4 Bc2 21. Rd2 Be4
22. Ra4 Nf4 23. Rd1 Bc2 24. Rd2 Bxb3 25. Ra3 Bc4 26. b3 Bd3 27. Rd1 Be2 28.
Nxe2 Nxe2+ 29. Kf1 Nxc1 30. Rxc1 Nc7 31. Rca1 a6 32. Rd1 Re8 33. Ra2 Re7 34.
Re2 Rae8 35. Rxe7 Rxe7 36. Rd2 Nb5 37. Rd3 Re4 38. Re3 Bxd4 39. Rxe4 dxe4 40.
Nxd4 Nxd4 41. b4 Nc2 42. Bxe4 Nxb4 43. Bf5 a5 44. Ke2 Na6 45. Kd3 Nxc5+ 46. Kd4
b6 47. Ke5 a4 48. Bb1 a3 49. Kd6 Ne4+ 0-1

[Event "Wch Blitz 9th"]
[Site "Berlin"]
[Date "2015.10.13"]
[Round "7"]
[White "Radjabov, Teimour"]
[Black "Ghaem Maghami, Ehsan"]
[Result "1/2-1/2"]
[WhiteElo "2738"]
[BlackElo "2596"]
[PlyCount "83"]
[EventDate "2015.10.13"]
[EventType "swiss (blitz)"]
[EventRounds "21"]
[EventCountry "GER"]
[SourceTitle "CBM 168 Extra"]
[Source "ChessBase"]
[SourceDate "2015.10.29"]
[SourceVersion "1"]
[SourceVersionDate "2015.10.29"]
[SourceQuality "1"]

1. Nf3 c5 2. c4 Nc6 3. Nc3 g6 4. e3 Bg7 5. d4 d6 6. Be2 cxd4 7. exd4 Bg4 8. O-O
Rc8 9. Be3 Nh6 10. h3 Bxf3 11. Bxf3 Nf5 12. Ne2 O-O 13. Qd2 Nxe3 14. fxe3 e5
15. Rad1 Qe7 16. Bxc6 bxc6 17. Nc3 exd4 18. exd4 Rfe8 19. Rf3 Qh4 20. Qf2 Qxf2+
21. Kxf2 Re7 22. Re3 Kf8 23. Rxe7 Kxe7 24. b3 Kd7 25. Ne2 Re8 26. Kf3 Bh6 27.
Rd3 a5 28. g4 Bg5 29. d5 c5 30. Ng3 Bh4 31. Ne4 h6 32. Rd1 f5 33. gxf5 gxf5 34.
Nc3 Bg5 35. Rd3 Re1 36. Nd1 Ke7 37. Nf2 Kf6 38. a4 Re8 39. Nd1 Re1 40. Nf2 Re8
41. Nd1 Re1 42. Nf2 1/2-1/2

[Event "Wch Blitz 9th"]
[Site "Berlin"]
[Date "2015.10.13"]
[Round "8"]
[White "Radjabov, Teimour"]
[Black "Perunovic, Milos"]
[Result "1/2-1/2"]
[WhiteElo "2738"]
[BlackElo "2622"]
[PlyCount "190"]
[EventDate "2015.10.13"]
[EventType "swiss (blitz)"]
[EventRounds "21"]
[EventCountry "GER"]
[SourceTitle "CBM 168 Extra"]
[Source "ChessBase"]
[SourceDate "2015.10.29"]
[SourceVersion "1"]
[SourceVersionDate "2015.10.29"]
[SourceQuality "1"]

1. d4 Nf6 2. Nf3 e6 3. Bg5 h6 4. Bh4 b6 5. e3 Bb7 6. Nbd2 Be7 7. Bd3 c5 8. c3
Nc6 9. O-O O-O 10. a3 cxd4 11. cxd4 Nd5 12. Bxe7 Ncxe7 13. Qe2 Rc8 14. Rfe1 Rc7
15. Rad1 d6 16. Bb1 Qc8 17. e4 Ba6 18. Bd3 Nf4 19. Bxa6 Nxe2+ 20. Bxe2 Rc2 21.
Rb1 Qd7 22. Bd3 Rc7 23. g3 b5 24. Kg2 Rfc8 25. h4 a6 26. Rbd1 Nc6 27. Nf1 Na5
28. d5 e5 29. Ne3 Nb3 30. Nf5 g6 31. Ne3 Rc1 32. h5 Rxd1 33. Rxd1 Rc1 34. hxg6
fxg6 35. Rxc1 Nxc1 36. Bc2 Ne2 37. Bd3 Nd4 38. Nxd4 exd4 39. Nc2 Qa7 40. f4 Qc5
41. Kf3 a5 42. Ke2 b4 43. axb4 axb4 44. Kd1 h5 45. Ne1 Qa5 46. Nc2 Kg7 47. Bc4
Qc5 48. Bd3 Kf6 49. Ke2 b3 50. Na3 Qc1 51. Nc4 Qg1 52. e5+ Ke7 53. exd6+ Kd8
54. Kf3 Qd1+ 55. Ke4 Qe1+ 56. Kxd4 Qxg3 57. Be4 Qxf4 58. Ne5 Qf6 59. Bxg6 h4
60. Ke4 h3 61. Bf5 Qh4+ 62. Kf3 Qh5+ 63. Kf4 Qh6+ 64. Ke4 Qh4+ 65. Bg4 Qe1+ 66.
Kf4 Qd2+ 67. Ke4 Qe1+ 68. Kf4 Qf2+ 69. Ke4 Qc2+ 70. Kf4 Qd2+ 71. Ke4 Qg2+ 72.
Kf4 Qd2+ 73. Ke4 h2 74. Nc6+ Ke8 75. d7+ Kf7 76. d8=Q h1=Q+ 77. Bf3 Qhe1+ 78.
Kf5 Qd3+ 79. Kg4 Qg1+ 80. Kf4 Qde3+ 81. Kf5 Qxf3+ 82. Ke5 Qgg3+ 83. Kd4 Qgf2+
84. Kc4 Qe4+ 85. Kb5 Qfe2+ 86. Kb6 Q2e3+ 87. Kb7 Qe8 88. Qc7+ Kg6 89. d6 Q3e6
90. d7 Q8xd7 91. Ne5+ Qxe5 92. Qxd7 Qe4+ 93. Kb6 Qe3+ 94. Kb7 Kf6 95. Qc6+ Ke7
1/2-1/2

[Event "Wch Blitz 9th"]
[Site "Berlin"]
[Date "2015.10.13"]
[Round "9"]
[White "Tomashevsky, Evgeny"]
[Black "Radjabov, Teimour"]
[Result "0-1"]
[WhiteElo "2758"]
[BlackElo "2738"]
[PlyCount "44"]
[EventDate "2015.10.13"]
[EventType "swiss (blitz)"]
[EventRounds "21"]
[EventCountry "GER"]
[SourceTitle "CBM 168 Extra"]
[Source "ChessBase"]
[SourceDate "2015.10.29"]
[SourceVersion "1"]
[SourceVersionDate "2015.10.29"]
[SourceQuality "1"]

1. c4 c5 2. Nf3 Nc6 3. Nc3 Nf6 4. g3 g6 5. Bg2 Bg7 6. d4 cxd4 7. Nxd4 O-O 8.
O-O Qa5 9. e3 d6 10. Nb3 Qh5 11. Qxh5 Nxh5 12. Bd2 Nf6 13. Rac1 Ne5 14. c5 Nd3
15. Rc2 dxc5 16. Na4 Bf5 17. Naxc5 Nxf2 18. e4 N2xe4 19. Nd4 Rac8 20. Nxf5 gxf5
21. Rfc1 Nxd2 22. Rxd2 Bh6 0-1

[Event "Wch Blitz 9th"]
[Site "Berlin"]
[Date "2015.10.13"]
[Round "10"]
[White "Edouard, Romain"]
[Black "Radjabov, Teimour"]
[Result "1/2-1/2"]
[WhiteElo "2636"]
[BlackElo "2738"]
[PlyCount "67"]
[EventDate "2015.10.13"]
[EventType "swiss (blitz)"]
[EventRounds "21"]
[EventCountry "GER"]
[SourceTitle "CBM 168 Extra"]
[Source "ChessBase"]
[SourceDate "2015.10.29"]
[SourceVersion "1"]
[SourceVersionDate "2015.10.29"]
[SourceQuality "1"]

1. Nf3 Nf6 2. b3 d6 3. Bb2 e5 4. c4 c5 5. d3 g6 6. e3 Bg7 7. Be2 O-O 8. O-O Nc6
9. Nc3 Re8 10. Nd2 h6 11. a3 Be6 12. Nde4 a6 13. Nxf6+ Bxf6 14. Bf3 Rb8 15. Rb1
Bg7 16. b4 cxb4 17. axb4 Nxb4 18. Ba3 Nc6 19. Qa4 Bd7 20. Qc2 Bf8 21. Rb2 b5
22. cxb5 axb5 23. Nxb5 Rxb5 24. Rxb5 Nd4 25. exd4 Bxb5 26. Qb3 Qd7 27. Rb1 Ba4
28. Qd5 Rc8 29. dxe5 Bc6 30. Qd4 dxe5 31. Qxd7 Bxd7 32. Bxf8 Kxf8 33. Kf1 Rc2
34. Bd1 1/2-1/2

[Event "Wch Blitz 9th"]
[Site "Berlin"]
[Date "2015.10.14"]
[Round "12"]
[White "Grischuk, Alexander"]
[Black "Radjabov, Teimour"]
[Result "0-1"]
[WhiteElo "2774"]
[BlackElo "2738"]
[PlyCount "76"]
[EventDate "2015.10.13"]
[EventType "swiss (blitz)"]
[EventRounds "21"]
[EventCountry "GER"]
[SourceTitle "CBM 168 Extra"]
[Source "ChessBase"]
[SourceDate "2015.10.29"]
[SourceVersion "1"]
[SourceVersionDate "2015.10.29"]
[SourceQuality "1"]

1. c4 c5 2. e3 Nf6 3. d4 e6 4. d5 exd5 5. cxd5 g6 6. Nc3 Bg7 7. Nf3 O-O 8. Bd3
d6 9. h3 Na6 10. O-O Re8 11. Re1 Bd7 12. e4 Qb6 13. a3 Rac8 14. Bc4 Nh5 15. Qd3
Nc7 16. Rb1 a6 17. a4 Qa7 18. a5 b5 19. axb6 Qxb6 20. Be3 Nb5 21. Ne2 f5 22. e5
dxe5 23. d6+ Kh8 24. Ng5 h6 25. Nf7+ Kh7 26. b4 Nd4 27. bxc5 Qxc5 28. Bxa6 Ra8
29. Rec1 Qa5 30. Bb7 Rab8 31. Nxd4 exd4 32. Bd2 Qa2 33. Qc4 Qxd2 34. Bf3 Rxb1
35. Rxb1 Re1+ 36. Rxe1 Qxe1+ 37. Kh2 Nf6 38. Bc6 Qc3 0-1

[Event "Wch Blitz 9th"]
[Site "Berlin"]
[Date "2015.10.14"]
[Round "13"]
[White "Radjabov, Teimour"]
[Black "Carlsen, Magnus"]
[Result "1-0"]
[WhiteElo "2738"]
[BlackElo "2850"]
[Annotator "Schulz,Andre"]
[PlyCount "81"]
[EventDate "2015.10.13"]
[EventType "swiss (blitz)"]
[EventRounds "21"]
[EventCountry "GER"]
[SourceTitle "CBM 168 Extra"]
[Source "ChessBase"]
[SourceDate "2015.10.29"]
[SourceVersion "1"]
[SourceVersionDate "2015.10.29"]
[SourceQuality "1"]

1. Nf3 d5 2. d4 a6 {Im Blitzen spielt Carlsen gerne extravagante
Eröffnungszüge. Letzlich ist das nur Zugumstellung.} 3. e3 Nf6 4. c4 e6 5. b3
c5 6. Bb2 cxd4 7. exd4 Nc6 8. Nbd2 g6 9. Bd3 (9. Be2 Bg7 10. O-O O-O 11. Ne5
Nd7 12. Nxc6 bxc6 13. Nf3 Qa5 14. Qc2 Bb7 15. Rfd1 Rfc8 16. Bc3 Qc7 17. Qd2 Nf6
18. Ba5 Ne4 19. Bxc7 Nxd2 20. Bb6 Nxf3+ 21. Bxf3 Bh6 {1/2-1/2 (21) Polugaevsky,
L (2605)-Kortschnoj,V (2625) Antwerp 1993}) 9... Bg7 10. O-O O-O 11. Rc1 b6 12.
Re1 Bb7 13. a3 Rc8 14. Qe2 dxc4 15. bxc4 Re8 16. h3 Qc7 17. Qe3 Ne7 18. Ne5 Nf5
19. Bxf5 exf5 20. Ndf3 Bxf3 21. Qxf3 Ne4 22. Re2 Qd6 $2 {Gibt die Deckung von
f7 auf.} (22... Rcd8 $17) 23. Qb3 (23. Rxe4 fxe4 24. Qxf7+ $18) 23... Bxe5 24.
dxe5 Qc6 25. Qe3 Rcd8 (25... Re6 {hält die Diagonale b2-h8 geschlossen.}) 26.
f3 Nc5 {[#]} 27. e6 {Ermöglicht nun Drohungen auf der langen Diagonalen.
Objektiv ist noch nichts Schlimmes passiert, aber Schwarz muss aufpassen.} Nd3
(27... Rxe6 28. Qc3 f6 29. Rxe6 Qxe6 30. Qxf6 Qxf6 31. Bxf6 Rd3 $11) 28. Rd1 {
[#]} Nf4 $2 ({Richtig war} 28... f4 29. Qe4 Qxe4 30. fxe4 Nxb2 31. Rxd8 Rxd8
32. Rxb2 (32. exf7+ Kxf7 33. Rxb2 $15) 32... fxe6 33. Rxb6 $11) 29. Ree1 $2 ({
Es gewann} 29. Red2 Nxe6 30. Qc3 $18) 29... Rxd1 30. Rxd1 Nxe6 $2 (30... Qc5 {
erzwingt Damentausch und beseitigt damit die schlimmsten Gefahren.}) 31. Qc3
$18 {und aus.} f6 32. Qxf6 Rf8 33. Qh8+ Kf7 34. Qxh7+ Ke8 35. Qxg6+ Ke7 36. Kh1
Qxc4 37. Be5 Rf7 38. Bd6+ Ke8 39. Qg8+ Nf8 40. Bxf8 Qe2 41. Bb4+ 1-0

[Event "Wch Blitz 9th"]
[Site "Berlin"]
[Date "2015.10.14"]
[Round "14"]
[White "Radjabov, Teimour"]
[Black "Aronian, Levon"]
[Result "1/2-1/2"]
[WhiteElo "2738"]
[BlackElo "2784"]
[PlyCount "65"]
[EventDate "2015.10.13"]
[EventType "swiss (blitz)"]
[EventRounds "21"]
[EventCountry "GER"]
[SourceTitle "CBM 168 Extra"]
[Source "ChessBase"]
[SourceDate "2015.10.29"]
[SourceVersion "1"]
[SourceVersionDate "2015.10.29"]
[SourceQuality "1"]

1. Nf3 d5 2. g3 Nf6 3. Bg2 e6 4. O-O Be7 5. d4 b5 6. Nbd2 Bb7 7. Ne5 Nbd7 8. c4
bxc4 9. Ndxc4 c5 10. Bf4 O-O 11. Rc1 Rc8 12. Qa4 Nxe5 13. dxe5 Bc6 14. Qa3 Nh5
15. Rfd1 Nxf4 16. gxf4 Bb5 17. e4 Bxc4 18. Rxc4 dxc4 19. Rxd8 Rfxd8 20. Bf3 Rd3
21. Qxa7 Rxf3 22. Qxe7 Rxf4 23. a4 Rxe4 24. a5 Rxe5 25. a6 Rd5 26. Qb7 Rdd8 27.
a7 g6 28. Kg2 Kg7 29. Kg3 h5 30. h4 Kf6 31. Kg2 Kg7 32. Kg3 Kf6 33. Kg2 1/2-1/2

[Event "Wch Blitz 9th"]
[Site "Berlin"]
[Date "2015.10.14"]
[Round "15"]
[White "Karjakin, Sergey"]
[Black "Radjabov, Teimour"]
[Result "1-0"]
[WhiteElo "2762"]
[BlackElo "2738"]
[PlyCount "65"]
[EventDate "2015.10.13"]
[EventType "swiss (blitz)"]
[EventRounds "21"]
[EventCountry "GER"]
[SourceTitle "CBM 168 Extra"]
[Source "ChessBase"]
[SourceDate "2015.10.29"]
[SourceVersion "1"]
[SourceVersionDate "2015.10.29"]
[SourceQuality "1"]

1. Nf3 Nf6 2. c4 g6 3. Nc3 Bg7 4. g3 c6 5. Bg2 d5 6. cxd5 cxd5 7. d4 O-O 8. Ne5
e6 9. O-O Nfd7 10. f4 Nc6 11. Be3 Nb6 12. Bf2 f6 13. Nd3 f5 14. e3 Nc4 15. g4
Kh8 16. b3 Nd6 17. Ne5 Bd7 18. Nxd7 Qxd7 19. Rc1 Rac8 20. Kh1 b5 21. Bh4 b4 22.
Na4 Ne4 23. Nc5 Nxc5 24. Rxc5 Ne7 25. Qc2 Rxc5 26. Qxc5 Nc8 27. gxf5 gxf5 28.
Qxb4 Nd6 29. Rc1 Ne4 30. Bxe4 fxe4 31. Qe7 Qb5 32. Rg1 Rg8 33. Bf6 1-0

[Event "Wch Blitz 9th"]
[Site "Berlin"]
[Date "2015.10.14"]
[Round "17"]
[White "Radjabov, Teimour"]
[Black "Gelfand, Boris"]
[Result "1/2-1/2"]
[WhiteElo "2738"]
[BlackElo "2741"]
[PlyCount "200"]
[EventDate "2015.10.13"]
[EventType "swiss (blitz)"]
[EventRounds "21"]
[EventCountry "GER"]
[SourceTitle "CBM 168 Extra"]
[Source "ChessBase"]
[SourceDate "2015.10.29"]
[SourceVersion "1"]
[SourceVersionDate "2015.10.29"]
[SourceQuality "1"]

1. d4 Nf6 2. Nf3 d5 3. c4 e6 4. g3 Bb4+ 5. Bd2 Be7 6. Bg2 c6 7. O-O Nbd7 8. Qc2
O-O 9. Rd1 b6 10. Ne5 Bb7 11. cxd5 cxd5 12. Nc6 Bxc6 13. Qxc6 Rc8 14. Qb5 Ne8
15. Qd3 Nd6 16. Nc3 f5 17. Be1 Nf6 18. Rac1 Qd7 19. Rc2 Rc4 20. Rdc1 Rfc8 21.
e3 Nfe4 22. b3 R4c7 23. Ne2 g5 24. h3 Nf6 25. Rxc7 Rxc7 26. Rxc7 Qxc7 27. Qc3
Qxc3 28. Nxc3 Kf7 29. Bf1 Nfe4 30. Ne2 Nf6 31. Nc1 Nd7 32. Nd3 Bf6 33. Be2 Nb8
34. Kg2 Nc6 35. a3 Be7 36. a4 a5 37. g4 f4 38. Bf3 fxe3 39. fxe3 Bf6 40. Bg3
Ke7 41. Kf1 Kd7 42. Ke2 h6 43. Bg2 Nf7 44. Bh2 Be7 45. Bg3 Bd6 46. Be1 Nb4 47.
Nxb4 Bxb4 48. Bf2 Nd6 49. Kd3 Kc6 50. Bg3 Nf7 51. e4 Bd6 52. Be1 Bb4 53. Bf2
Bd6 54. Be3 Bg3 55. Bd2 Nd6 56. Bf3 Bh2 57. e5 Nf7 58. b4 axb4 59. Bxb4 Bg1 60.
Be2 Kd7 61. Kc3 Be3 62. Bb5+ Kd8 63. Kd3 Bf2 64. Bf8 Bg1 65. Bb4 Bf2 66. Bc3
Bg1 67. Ke2 Bh2 68. Kf3 Bf4 69. Bb4 Bc1 70. Ke2 Bb2 71. Kd3 Bc1 72. Kc2 Be3 73.
Kd3 Bc1 74. a5 bxa5 75. Bxa5+ Ke7 76. Bb4+ Kd8 77. Kc3 Be3 78. Bd3 Kd7 79. Bf8
Ke8 80. Bc5 Nd8 81. Bb5+ Kf7 82. Bb6 Ke7 83. Bc5+ Kf7 84. Kd3 Bf2 85. Bb4 Bg1
86. Bd7 Bf2 87. Bc3 Ke7 88. Bb5 Kf7 89. Ke2 Bg3 90. Kf3 Bh4 91. Ba5 Ke7 92.
Bb4+ Kf7 93. Bc3 Nb7 94. Bd3 Nd8 95. Bb5 Nb7 96. Ba4 Nd8 97. Ba5 Ke7 98. Bb4+
Kf7 99. Ke2 Bg3 100. Ba5 Ke7 1/2-1/2

[Event "Wch Blitz 9th"]
[Site "Berlin"]
[Date "2015.10.14"]
[Round "18"]
[White "Radjabov, Teimour"]
[Black "Ivanchuk, Vassily"]
[Result "1/2-1/2"]
[WhiteElo "2738"]
[BlackElo "2726"]
[PlyCount "28"]
[EventDate "2015.10.13"]
[EventType "swiss (blitz)"]
[EventRounds "21"]
[EventCountry "GER"]
[SourceTitle "CBM 168 Extra"]
[Source "ChessBase"]
[SourceDate "2015.10.29"]
[SourceVersion "1"]
[SourceVersionDate "2015.10.29"]
[SourceQuality "1"]

1. Nf3 c5 2. c4 Nc6 3. Nc3 g6 4. e3 Nf6 5. d4 cxd4 6. exd4 d5 7. cxd5 Nxd5 8.
Qb3 Nxc3 9. Bc4 e6 10. bxc3 Bg7 11. Ba3 Bf8 12. Bc1 Bg7 13. Ba3 Bf8 14. Bc1 Bg7
1/2-1/2

[Event "Wch Blitz 9th"]
[Site "Berlin"]
[Date "2015.10.14"]
[Round "19"]
[White "Nepomniachtchi, Ian"]
[Black "Radjabov, Teimour"]
[Result "1-0"]
[WhiteElo "2705"]
[BlackElo "2738"]
[PlyCount "131"]
[EventDate "2015.10.13"]
[EventType "swiss (blitz)"]
[EventRounds "21"]
[EventCountry "GER"]
[SourceTitle "CBM 168 Extra"]
[Source "ChessBase"]
[SourceDate "2015.10.29"]
[SourceVersion "1"]
[SourceVersionDate "2015.10.29"]
[SourceQuality "1"]

1. c4 c5 2. Nf3 Nc6 3. Nc3 Nf6 4. d4 cxd4 5. Nxd4 e6 6. g3 Qb6 7. Nb3 d5 8.
cxd5 exd5 9. Be3 Qd8 10. Bg2 Be6 11. O-O Be7 12. Nd4 O-O 13. Rc1 Qd7 14. Nxe6
fxe6 15. Bf4 Rad8 16. Qa4 a6 17. Rfd1 Bd6 18. Bg5 Qf7 19. Rf1 h6 20. Bxf6 Qxf6
21. Qb3 Qe7 22. f4 Kh8 23. Qa4 Bb4 24. Kh1 Rc8 25. a3 Bc5 26. Rcd1 Be3 27. Rd3
Ba7 28. Qd1 Rcd8 29. b4 Qc7 30. e3 Qe7 31. Qb3 Qc7 32. Rfd1 Qe7 33. Ne2 Bb6 34.
e4 dxe4 35. Bxe4 Rxd3 36. Rxd3 e5 37. Qd5 Rd8 38. Qc4 Rd6 39. Kg2 Bd4 40. f5
Qd8 41. Qf7 Rd7 42. Qg6 Qf6 43. h4 Rd8 44. Qxf6 gxf6 45. Bxc6 bxc6 46. Kf3 Bb6
47. Rxd8+ Bxd8 48. Nc3 Kg7 49. Kg4 Be7 50. Ne4 Bf8 51. Kh5 Be7 52. g4 Bd8 53.
Nc5 Be7 54. Ne6+ Kh7 55. g5 fxg5 56. hxg5 Bxg5 57. Nxg5+ hxg5 58. Kxg5 Kg7 59.
f6+ Kf7 60. Kf5 e4 61. Kxe4 Kxf6 62. Kd4 Ke6 63. Kc5 Kd7 64. Kb6 Kd6 65. Kxa6
c5 66. Kb5 1-0

[Event "Wch Blitz 9th"]
[Site "Berlin"]
[Date "2015.10.14"]
[Round "20"]
[White "Svidler, Peter"]
[Black "Radjabov, Teimour"]
[Result "1-0"]
[WhiteElo "2727"]
[BlackElo "2738"]
[PlyCount "85"]
[EventDate "2015.10.13"]
[EventType "swiss (blitz)"]
[EventRounds "21"]
[EventCountry "GER"]
[SourceTitle "CBM 168 Extra"]
[Source "ChessBase"]
[SourceDate "2015.10.29"]
[SourceVersion "1"]
[SourceVersionDate "2015.10.29"]
[SourceQuality "1"]

1. c4 c5 2. Nf3 Nc6 3. b3 e5 4. Bb2 e4 5. Ng1 Nf6 6. Nc3 Bd6 7. e3 O-O 8. d3
Be5 9. Qd2 Re8 10. dxe4 Nxe4 11. Nxe4 Bxb2 12. Qxb2 Rxe4 13. Nf3 d6 14. Be2
Qa5+ 15. Nd2 Re8 16. O-O Bf5 17. Rfd1 Rad8 18. Nf1 Bg6 19. Ng3 Qc7 20. Rd2 a5
21. Rad1 h6 22. h3 Re7 23. Bd3 Re6 24. Bxg6 Rxg6 25. Nh5 Ne7 26. Nf4 Rf6 27.
Qc3 b6 28. Rd3 Qc6 29. Qd2 Kh7 30. f3 Qc7 31. e4 g5 32. Nd5 Nxd5 33. Rxd5 Rb8
34. a4 Qe7 35. Rxd6 Rg8 36. Rxf6 Qxf6 37. Qd6 Qc3 38. Qxb6 h5 39. Qxc5 Qxb3 40.
Qf5+ Rg6 41. Qxf7+ Kh6 42. Qf8+ Rg7 43. Rd6+ 1-0

[Event "Wch Blitz 9th"]
[Site "Berlin"]
[Date "2015.10.14"]
[Round "21"]
[White "Radjabov, Teimour"]
[Black "Jones, Gawain C B"]
[Result "1/2-1/2"]
[WhiteElo "2738"]
[BlackElo "2623"]
[PlyCount "68"]
[EventDate "2015.10.13"]
[EventType "swiss (blitz)"]
[EventRounds "21"]
[EventCountry "GER"]
[SourceTitle "CBM 168 Extra"]
[Source "ChessBase"]
[SourceDate "2015.10.29"]
[SourceVersion "1"]
[SourceVersionDate "2015.10.29"]
[SourceQuality "1"]

1. Nf3 Nf6 2. c4 g6 3. g3 Bg7 4. Bg2 O-O 5. O-O d6 6. d3 Nc6 7. Nc3 e5 8. Rb1
a5 9. b3 h6 10. Bb2 Be6 11. e3 Qd7 12. d4 exd4 13. exd4 Bf5 14. Rc1 Nb4 15. Ne1
Bh3 16. a3 Nc6 17. Nf3 Rfe8 18. Qd2 Bxg2 19. Kxg2 Ne4 20. Nxe4 Rxe4 21. d5 Bxb2
22. Qxb2 Ne5 23. Nxe5 Rxe5 24. Rfe1 Rae8 25. Qd2 a4 26. b4 h5 27. Rxe5 Rxe5 28.
Re1 Qf5 29. Rxe5 Qxe5 30. Qc2 Qd4 31. Qxa4 Qe4+ 32. Kg1 Qe1+ 33. Kg2 Qe4+ 34.
Kg1 Qe1+ 1/2-1/2

[Event "Gashimov Memorial 3rd"]
[Site "Shamkir"]
[Date "2016.05.26"]
[Round "1"]
[White "Radjabov, Teimour"]
[Black "Hou, Yifan"]
[Result "1/2-1/2"]
[WhiteElo "2726"]
[BlackElo "2663"]
[PlyCount "64"]
[EventDate "2016.05.26"]
[EventType "tourn"]
[EventRounds "9"]
[EventCountry "AZE"]
[EventCategory "20"]
[SourceTitle "CBM 173"]
[Source "ChessBase"]
[SourceDate "2016.07.12"]
[SourceVersion "1"]
[SourceVersionDate "2016.07.12"]
[SourceQuality "1"]

1. d4 Nf6 2. Nf3 e6 3. g3 c5 4. Bg2 cxd4 5. O-O d5 6. Bf4 Nc6 7. Nxd4 Bc5 8.
Nb3 Be7 9. c4 dxc4 10. Qxd8+ Nxd8 11. Na5 Nd5 12. Nxc4 Nxf4 13. gxf4 Bd7 14.
Nc3 Rc8 15. Ne5 Bb4 16. Ne4 Bb5 17. a3 Be7 18. Nc3 Bc6 19. Nxc6 Nxc6 20. Rfd1
Rg8 21. Rac1 g5 22. fxg5 Rxg5 23. Kf1 Rc5 24. Ne4 Rxc1 25. Rxc1 f5 26. Nd2 Kd7
27. e3 Bf6 28. b4 b6 29. Rd1 Ke7 30. Rc1 Kd7 31. Rd1 Ke7 32. Rc1 Kd7 1/2-1/2

[Event "Gashimov Memorial 3rd"]
[Site "Shamkir"]
[Date "2016.05.27"]
[Round "2"]
[White "Mamedov, Rauf"]
[Black "Radjabov, Teimour"]
[Result "1/2-1/2"]
[WhiteElo "2655"]
[BlackElo "2726"]
[PlyCount "40"]
[EventDate "2016.05.26"]
[EventType "tourn"]
[EventRounds "9"]
[EventCountry "AZE"]
[EventCategory "20"]
[SourceTitle "CBM 173"]
[Source "ChessBase"]
[SourceDate "2016.07.12"]
[SourceVersion "1"]
[SourceVersionDate "2016.07.12"]
[SourceQuality "1"]

1. e4 c6 2. d4 d5 3. Nd2 dxe4 4. Nxe4 Bf5 5. Ng3 Bg6 6. Nf3 Nd7 7. Bd3 Bxd3 8.
Qxd3 e6 9. O-O Ngf6 10. Bf4 Be7 11. c4 O-O 12. Rfd1 Qb6 13. Qc2 Rfe8 14. Ne5
Rad8 15. h3 Nf8 16. Rd3 c5 17. Rb3 Qa6 18. Ra3 Qb6 19. Rb3 Qa6 20. Ra3 Qb6
1/2-1/2

[Event "Gashimov Memorial 3rd"]
[Site "Shamkir"]
[Date "2016.05.28"]
[Round "3"]
[White "Radjabov, Teimour"]
[Black "Giri, Anish"]
[Result "1/2-1/2"]
[WhiteElo "2726"]
[BlackElo "2790"]
[Annotator "Besenthal,K"]
[PlyCount "80"]
[EventDate "2016.05.26"]
[EventType "tourn"]
[EventRounds "9"]
[EventCountry "AZE"]
[EventCategory "20"]
[SourceTitle "CBM 173"]
[Source "ChessBase"]
[SourceDate "2016.07.12"]
[SourceVersion "1"]
[SourceVersionDate "2016.07.12"]
[SourceQuality "1"]

1. d4 Nf6 2. c4 e6 3. Nf3 d5 4. Nc3 Bb4 5. Bg5 h6 6. Bxf6 Qxf6 7. e3 O-O 8. Rc1
dxc4 9. Bxc4 c5 10. O-O cxd4 11. Nxd4 Bd7 12. Ne4 Qe7 13. Be2 {Diagramm [#]} ({
Giri spielt diese Variante nicht zum ersten Mal:} 13. Bd3 Nc6 14. Nb3 Na5 15.
Rc7 Rfd8 16. a3 Nxb3 17. Qxb3 Ba5 18. Rxb7 Ba4 19. Rxe7 Bxb3 20. Nc5 Bb6 21.
Nxb3 Rxd3 22. Nd4 Bxd4 23. exd4 Rb8 24. Rxa7 Rxb2 25. Ra4 Ra2 26. h4 g6 27. g3
Kg7 28. Kg2 g5 29. hxg5 hxg5 30. g4 Kf6 31. Re1 Rdd2 32. Rf1 Rd3 33. Re1 Rdxa3
34. Rxa3 Rxa3 35. Rd1 Ke7 36. d5 e5 37. Rb1 Rd3 38. Rb7+ Kf6 39. Rb6+ Ke7 40.
Rb7+ {1/2-1/2 (40) Gelfand,B (2744)-Giri,A (2776) Khanty-Mansiysk 2015}) 13...
Nc6 14. a3 Nxd4 15. Qxd4 Ba5 16. Qc5 Bd8 17. Bf3 Bc6 18. Rfd1 Bxe4 19. Qxe7
Bxe7 20. Bxe4 Bf6 {Diagramm [#] Vollkommen spannungsfreie Strukturen, die
Damen sind getauscht, ungleiche Läufer - eine Partie mit vorhersagbarem
Ergebnis.} 21. b4 Rad8 22. g3 Bb2 23. Rxd8 Rxd8 24. Rc7 Bxa3 25. Rxb7 Kf8 26.
Rxa7 Bxb4 27. Ra8 Rxa8 28. Bxa8 Bc5 29. Kg2 Bb4 30. Be4 Bc5 31. h3 Bb4 32. Bf3
g5 33. g4 Bc5 34. Be4 Bb4 35. Bf3 Bc5 36. Be4 Bb4 37. Bf3 Bc5 38. Be4 Bb4 39.
Bf3 Bc5 40. Be4 Bb6 1/2-1/2